| 000 | 00542nam a22001817a 4500 | ||
|---|---|---|---|
| 005 | 20170525120446.0 | ||
| 010 | _aENG-118399 | ||
| 020 |
_a9788189140755 _c599.00 |
||
| 035 | _aEN-101931 | ||
| 037 | _bDBAD/PUB | ||
| 082 | _a899.1551092 | ||
| 100 | _aChopra, R.M. | ||
| 245 |
_aGreat poets of classical persian / _cby R.M. Chopra |
||
| 260 |
_aKolkata _bSparrow Publication _c2014 |
||
| 270 | _a2, Beniapur Lane, Kolkata-700014 West Bengal (India) | ||
| 300 |
_a434p _c22cm.(pbk) |
||
| 942 |
_2ddc _cEN _h899.1551092 _mCHO |
||
| 999 |
_c140432 _d140432 |
||